Perlembagaan Persekutuan : (hingga 5hb Disember 2005)
| Format: | Book |
|---|---|
| Published: |
Petaling Jaya, Selangor :
International Law Book Services ,
2005
|
| Series: | Undang-Undang Malaysia
|
| Subjects: |
MARC
| LEADER | 00000cam a2200000 7i4500 | ||
|---|---|---|---|
| 001 | 0000003568 | ||
| 005 | 20060621.0 | ||
| 020 | 0 | 0 | |a 9678916525 |
| 090 | 0 | 0 | |a 342.595 |b MAL 2005 |
| 245 | 0 | 0 | |a Perlembagaan Persekutuan : |b (hingga 5hb Disember 2005) |c disusun oleh Lembaga Penyelidikan Undang-Undang |
| 260 | 0 | 0 | |a Petaling Jaya, Selangor : |b International Law Book Services , |c 2005 |
| 300 | |a xii, 170p. ; |c 24 cm. | ||
| 440 | 0 | 0 | |a Undang-Undang Malaysia |
| 650 | 0 | 0 | |a Malaysia |x Consitutional law |
| 998 | |a JPSM | ||
| 999 | |a 0000006924 |b Monograph |c Acts |e Default branch | ||